MARC details
| 000 -LEADER |
| campo de control de longitud fija |
02354cam a2200397 a 4500 |
| 003 - IDENTIFICADOR DE NÚMERO DE CONTROL |
| campo de control |
BJBSDDR |
| 005 - FECHA Y HORA DE LA ÚLTIMA TRANSACCIÓN |
| campo de control |
20230410105235.0 |
| 007 - CAMPO FIJO DE DESCRIPCIÓN FÍSICA--INFORMACIÓN GENERAL |
| campo de control de longitud fija |
ta |
| 008 - DATOS DE LONGITUD FIJA--INFORMACIÓN GENERAL |
| campo de control de longitud fija |
080814s2008 nyuab b 001 0 eng |
| 020 ## - NÚMERO INTERNACIONAL ESTÁNDAR DEL LIBRO |
| Número Internacional Estándar del Libro |
0452289599 (pbk.) |
| 020 ## - NÚMERO INTERNACIONAL ESTÁNDAR DEL LIBRO |
| Número Internacional Estándar del Libro |
9780452289598 (pbk.) |
| 029 1# - OTRO NÚMERO DE CONTROL DE SISTEMA (OCLC) |
| Identificador de la biblioteca OCLC |
NZ1 |
| Número de control de sistema |
12790135 |
| 029 1# - OTRO NÚMERO DE CONTROL DE SISTEMA (OCLC) |
| Identificador de la biblioteca OCLC |
IG# |
| Número de control de sistema |
9780452289598 |
| 035 ## - NÚMERO DE CONTROL DEL SISTEMA |
| Número de control de sistema |
(OCoLC)ocn183268094 |
| 035 ## - NÚMERO DE CONTROL DEL SISTEMA |
| Número de control de sistema |
(OCoLC)183268094 |
| 040 ## - FUENTE DE CATALOGACIÓN |
| Centro catalogador/agencia de origen |
DLC |
| Lengua de catalogación |
eng |
| Centro/agencia transcriptor |
DLC |
| 041 ## - CÓDIGO DE IDIOMA |
| Código de lengua del texto/banda sonora o título independiente |
spa |
| 043 ## - CÓDIGO DE ÁREA GEOGRÁFICA |
| Código de área geográfica |
aw----- |
| 050 00 - SIGNATURA TOPOGRÁFICA DE LA BIBLIOTECA DEL CONGRESO |
| Número de clasificación |
439 DS 44 |
| Número de ítem |
R833 2008 |
| 082 00 - NÚMERO DE LA CLASIFICACIÓN DECIMAL DEWEY |
| Número de clasificación |
956 |
| Número de edición |
22 |
| 100 1# - ENTRADA PRINCIPAL--NOMBRE DE PERSONA |
| Nombre de persona |
Rossi, M. L. |
| Forma completa/desarrollada del nombre |
(Melissa L.), |
| Fechas asociadas al nombre |
1965- |
| 245 10 - MENCIÓN DEL TÍTULO |
| Título |
What every American should know about the Middle East / |
| Mención de responsabilidad, etc. |
Melissa Rossi. |
| 260 ## - PUBLICACIÓN, DISTRIBUCIÓN, ETC. |
| Lugar de publicación, distribución, etc. |
New York : |
| Nombre del editor, distribuidor, etc. |
Plume, |
| Fecha de publicación, distribución, etc. |
c2008. |
| 300 ## - DESCRIPCIÓN FÍSICA |
| Extensión |
xvii, 493 p. : |
| Otras características físicas |
ill., maps ; |
| Dimensiones |
23 cm. |
| 490 0# - MENCIÓN DE SERIE |
| Mención de serie |
What every American should know-- |
| 490 0# - MENCIÓN DE SERIE |
| Mención de serie |
What every American should know about-- |
| 504 ## - NOTA DE BIBLIOGRAFÍA, ETC. |
| Nota de bibliografía, etc. |
Includes bibliographical references (p. [467]-470) and index. |
| 505 0# - NOTA DE CONTENIDO CON FORMATO |
| Nota de contenido con formato |
Misunderstanding the Middle East -- Cheat sheet 1: basic concepts and building blocks -- Jogging through the millennia -- Pulling the pieces together -- European designs : hacking up the Middle East -- Cheat sheet 2: 1979 and beyond : a quick look at the issues -- Iraq : pardon our mess -- Iran : isn't the party over yet? -- The kingdom of Saudi Arabia : splitsville -- Kuwait : lines in the sand -- Yemen : in another world -- The United Arab Emirates : the land of possibilities -- Qatar : trail blazing -- Bahrain : a new profile -- Oman : awake at last -- Cheat sheet 3: the westerners -- Israel : fulfilling prophecies -- Disappearing act : the Palestinian Territories--the West Bank and Gaza -- Lebanon : the cedar devolution -- Syria : crumbling support -- Jordan : stuck in the middle -- Egypt : secret society. |
| 520 ## - RESUMEN, ETC. |
| Sumario, etc. |
Provides Americans with critical information about the Middle East, and discusses history, politics, economy, and religion for each country within the region; as well as the economic and political affects of the United States' presence within the region. |
| 651 #0 - PUNTO DE ACCESO ADICIONAL DE MATERIA--NOMBRE GEOGRÁFICO |
| Nombre geográfico |
Middle East. |
| 651 #4 - PUNTO DE ACCESO ADICIONAL DE MATERIA--NOMBRE GEOGRÁFICO |
| Nombre geográfico |
Medio Oriente. |
| 9 (RLIN) |
3733 |
| 856 41 - LOCALIZACIÓN Y ACCESO ELECTRÓNICOS |
| Materiales especificados |
Table of contents only |
| Identificador Uniforme de Recursos |
<a href="http://catdir.loc.gov/catdir/toc/ecip0826/2008036364.html">http://catdir.loc.gov/catdir/toc/ecip0826/2008036364.html</a> |
| 856 42 - LOCALIZACIÓN Y ACCESO ELECTRÓNICOS |
| Materiales especificados |
Publisher description |
| Identificador Uniforme de Recursos |
<a href="http://catdir.loc.gov/catdir/enhancements/fy0906/2008036364-d.html">http://catdir.loc.gov/catdir/enhancements/fy0906/2008036364-d.html</a> |
| 942 ## - ELEMENTOS DE ENTRADA SECUNDARIOS (KOHA) |
| Fuente del sistema de clasificación o colocación |
Clasificación de Library of Congress |
| Tipo de ítem Koha |
Libro |
| 946 ## - PROCESAMIENTO DE INFORMACIÓN LOCAL (OCLC) |
| a |
JP |